000 00914nam a22002777a 4500
003 CHAP
005 20220329143619.0
008 100930s1978 mx a r 00010 spa d
010 _a99343
011 _a100315
035 _a111001
040 _cCHAP
090 _aFolleto 17772
110 1 _aENA. Departamento de Irrigación
_936698
245 1 0 _aHidrología
_c/por Escuela Nacional de Agricultura Departamento de Irrigación
260 _aChapingo, Méx. :
_bENA. Departamento de Irrigación,
_c1978
300 _a38 p. :
_bilus. cuadros, gráfs., mapas
590 _aBATCH-UPD
_b10
_c20130110
_lUCH01
_h0913
590 _aBATCH-UPD
_b10
_c20130410
_lUCH01
_h0538
590 _aBATCH-UPD
_b10
_c20130914
_lUCH01
_h1615
590 _aCONVERSION
_b10
_c20130109
_lUCH01
_h1355
650 1 4 _aHidrología.
_955257
901 _aBK
942 _cFOLL
949 _aFolleto 17772
_bBC
_cUACH
_d33724002329579
_eTS1
_i111001
_sb
999 _c99343
_d99343